| 000 | 00581cam a2200193 a 4500 | ||
|---|---|---|---|
| 020 | _a9780073403472 (hard copy : alk. paper) | ||
| 020 | _a0073403474 (hard copy : alk. paper) | ||
| 020 | _a9780071315548 (pbk.) | ||
| 020 | _a0071315543 (pbk.) | ||
| 040 | _cDLC | ||
| 082 | 0 | 0 | _a570 MCG 2012 A081 Or. |
| 100 | 1 | _aHoefnagels, Mariƫlle. | |
| 245 | 1 | 0 |
_aBiology : _bconcepts and investigations / |
| 250 | _a2nd ed. | ||
| 260 |
_aNew York : _bMcGraw-Hill, _cc2012. |
||
| 300 |
_axxxvii, 820, [54] p. : _bill. (some col.), col. maps ; _c28 cm. |
||
| 650 | 0 | _aBiology | |
| 942 | _cEK | ||
| 999 |
_c15885 _d15885 |
||